| 000 | 00448nam a2200181Ia 4500 | ||
|---|---|---|---|
| 008 | 230718s9999 xx 000 0 und d | ||
| 020 | _a9789332902800 | ||
| 041 | _aeng | ||
| 082 |
_a629.8 _bSAH |
||
| 100 | _aSaha S.K. | ||
| 245 | _aIntroduction To Robotics | ||
| 250 | _a2nd ed. | ||
| 260 |
_c2014 _bMcGraw Hill |
||
| 300 | _a502 | ||
| 365 |
_cRs. _b725.00 |
||
| 700 | _aSaha S.K. | ||
| 906 |
_dO:0632121-Jan-2019B:551217-Jan-2019 _cTE _b1827 |
||
| 999 |
_c349309 _d349309 |
||